Landlocked Countries That Do NOT Border a Landlocked Country - Statistics

General Stats
  • This quiz has been taken 260 times
  • The average score is 9 of 12
Answer Stats
country % Correct
Andorra
84%
Lesotho
84%
San Marino
83%
Vatican City
82%
Laos
79%
Nepal
79%
Bhutan
77%
Eswatini
76%
Luxembourg
75%
Mongolia
74%
Moldova
59%
Belarus
58%
No matching quizzes found
Score Distribution
Percent of People with Each Score
Percentile by Number Answered
Your Score History
You have not taken this quiz